Groups : (Record no. 198008)
[ view plain ]
| 000 -LEADER | |
|---|---|
| fixed length control field | 00780nam a2200241Ia 4500 |
| 003 - CONTROL NUMBER IDENTIFIER | |
| control field | OSt |
| 005 - DATE AND TIME OF LATEST TRANSACTION | |
| control field | 20240517134722.0 |
| 008 - FIXED-LENGTH DATA ELEMENTS--GENERAL INFORMATION | |
| fixed length control field | 210716s2001 xx 000 0 und d |
| 020 ## - INTERNATIONAL STANDARD BOOK NUMBER | |
| International Standard Book Number | 817473001X |
| 040 ## - CATALOGING SOURCE | |
| Transcribing agency | AIMIT LIBRARY |
| 041 ## - LANGUAGE CODE | |
| Language code of text/sound track or separate title | eng |
| 082 ## - DEWEY DECIMAL CLASSIFICATION NUMBER | |
| Classification number | 374.22 |
| Edition number | 1 |
| Item number | NAPR |
| 100 ## - MAIN ENTRY--PERSONAL NAME | |
| Personal name | Napier, Radney W. |
| 9 (RLIN) | 165850 |
| 245 ## - TITLE STATEMENT | |
| Title | Groups : |
| Remainder of title | theory and experience / |
| Statement of responsibility, etc. | By Rodney W Napier and Matti K Gerdhenfeld. |
| 250 ## - EDITION STATEMENT | |
| Edition statement | 5th ed. |
| 260 ## - PUBLICATION, DISTRIBUTION, ETC. | |
| Place of publication, distribution, etc. | New Delhi : |
| Name of publisher, distributor, etc. | A.I.T.B.S. Publishers & Distributors , |
| Date of publication, distribution, etc. | 2001. |
| 300 ## - PHYSICAL DESCRIPTION | |
| Extent | xviii,619p. ; |
| Other physical details | PB |
| Dimensions | 21.5 cm |
| 650 ## - SUBJECT ADDED ENTRY--TOPICAL TERM | |
| Topical term or geographic name entry element | Perception and communication |
| 9 (RLIN) | 165851 |
| 650 ## - SUBJECT ADDED ENTRY--TOPICAL TERM | |
| Topical term or geographic name entry element | Membership |
| 9 (RLIN) | 165852 |
| 650 ## - SUBJECT ADDED ENTRY--TOPICAL TERM | |
| Topical term or geographic name entry element | norms group pressures and deviancy |
| 9 (RLIN) | 165853 |
| 700 ## - ADDED ENTRY--PERSONAL NAME | |
| Personal name | Gershenfeld, Matti K. |
| 9 (RLIN) | 165854 |
| 942 ## - ADDED ENTRY ELEMENTS (KOHA) | |
| Source of classification or shelving scheme | Dewey Decimal Classification |
| Koha item type | Book |
| Edition | 5th |
| Call number prefix | 374.22 NAPR |
| Withdrawn status | Lost status | Source of classification or shelving scheme | Damaged status | Not for loan | Collection code | Home library | Current library | Date acquired | Cost, normal purchase price | Inventory number | Total Checkouts | Full call number | Barcode | Date last seen | Cost, replacement price | Price effective from | Koha item type |
|---|---|---|---|---|---|---|---|---|---|---|---|---|---|---|---|---|---|
| Dewey Decimal Classification | MBA | St Aloysius Institute of Management & Information Technology | St Aloysius Institute of Management & Information Technology | 08/23/2004 | 150.00 | Bill no:6110; Bill dt:2004-08-11 | 374.22 NAPR | MBA00573 | 05/23/2026 | 120.00 | 07/16/2021 | Book |